Vitamins and minerals /

"This insightful, objective, and evidence-based overview of the most commonly used supplements dispels misinformation and provides facts from a qualified physician's point of view"--

Bibliographic Details
Main Author: Kroner, Zina
Format: eBook
Language:English
Published: Santa Barbara : Greenwood, [2011]
Subjects:
Online Access:Connect to the full text of this electronic book

MARC

Tag First Indicator Second Indicator Subfields
LEADER 00000cam a2200000Ka 4500
001 in00002782102
006 m d
007 cr cnu---unuuu
008 110427s2011 cau o 001 0 eng d
005 20250816205152.6
020 |a 9780313382253 (electronic bk.) 
020 |a 0313382255 (electronic bk.) 
020 |z 9780313382246 
020 |z 0313382247 
035 |a (OCoLC)ocn715231326 
035 |a (OCoLC)715231326 
040 |a N$T  |b eng  |c N$T  |d EBLCP  |d DHU  |d OCLCQ  |d OUP  |d MERUC  |d TXA  |d UtOrBLW 
049 |a TXAM 
050 4 |a TX553.V5  |b K76 2011eb 
072 7 |a HEA  |x 023000  |2 bisacsh 
082 0 4 |a 613.2/86  |2 22 
100 1 |a Kroner, Zina. 
245 1 0 |a Vitamins and minerals /  |c Zina Kroner. 
264 1 |a Santa Barbara :  |b Greenwood,  |c [2011] 
264 4 |c ©2011 
300 |a 1 online resource (383 pages) 
336 |a text  |b txt  |2 rdacontent 
337 |a computer  |b c  |2 rdamedia 
338 |a online resource  |b cr  |2 rdacarrier 
520 |a "This insightful, objective, and evidence-based overview of the most commonly used supplements dispels misinformation and provides facts from a qualified physician's point of view"--  |c Provided by publisher. 
500 |a Includes index. 
588 |a Description based on print version record. 
505 0 |a Introduction -- 1. 5-Hydroxy-Tryptophan (5-HTP) -- 2. Alpha Lipoic Acid -- 3. Beta-Sitosterol -- 4. Biotin -- 5. Calcium -- 6. Chromium -- 7. Coenzyme Q[sup(10)] (CoQ[sup(10)]) -- 8. Copper -- 9. Creatine -- 10. D-Ribose -- 11. Folic Acid -- 12. Glucosamine -- 13. Glutathione (GSH) -- 14. L-Carnitine -- 15. L-Arginine -- 16. Vitamin C -- 17. Iodine -- 18. Iron -- 19. L-Glutamine -- 20. L-Lysine -- 21. L-Tyrosine -- 22. Melatonin -- 23. MSM -- 24. N-Acetylcysteine -- 25. Niacin (Vitamin B3) -- 26. Omega-3 Fatty Acids -- 27. Saccharomyces Boulardii -- 28. S-Adenosylmethionine (SAMe) -- 29. Selenium -- 30. Vitamin A -- 31. Vitamin B12 -- 32. Vitamin D -- 33. Vitamin E -- 34. Vitamin K -- 35. Zinc -- 36. Magnesium -- 37. Vanadyl Sulfate -- 38. Probiotics -- 39. Strontium Ranelate. 
500 |a Electronic resource. 
650 0 |a Vitamins  |v Popular works. 
650 0 |a Dietary supplements  |v Popular works. 
650 0 |a Minerals in nutrition  |v Popular works. 
650 4 |a Health. 
650 7 |a HEALTH & FITNESS  |x Vitamins.  |2 bisacsh 
650 7 |a HEALTH & FITNESS  |x Reference.  |2 bisacsh 
650 7 |a HEALTH & FITNESS  |x Homeopathy.  |2 bisacsh 
655 4 |a Electronic books. 
776 0 8 |i Print version:  |a Kroner, Zina.  |t Vitamins and minerals.  |d Santa Barbara : Greenwood, 2011  |z 9780313382246  |z 0313382247  |w (DLC) 2010051947  |w (OCoLC)662405896 
856 4 0 |u https://ebookcentral.proquest.com/lib/tamucs/detail.action?docID=678285  |y Connect to the full text of this electronic book  |t 0 
948 |a cataloged  |b h  |c 2012/10/2  |d c  |e agaffey  |f 2:51:33 pm 
994 |a C0  |b TXA 
999 f f |s 5e763cb1-c34c-3287-871d-afa77a6e21af  |i 6b544a6c-61b5-3bfd-b085-e09465700e80  |t 0 
999 |a MARS 
952 f f |a Texas A&M University  |b College Station  |c Electronic Resources  |d Available Online  |t 0  |e TX553.V5 K76 2011eb  |h Library of Congress classification 
998 f f |a TX553.V5 K76 2011eb  |t 0  |l Available Online